1569 1559 1840 1833 1832 1260 1392 1452 1057 1312 1437 1328 1321 1730 1602 1870 1212 1490 1542 1769 1063 1272 1686 1439 1941 1697 1573 1596 1780 1683 1243 1552 1982 1506 1365 1897 1304 1883 1894 1732 1073 1211 1454 1540 1133 1615 1775 1831 1208 1279 1612 1000 1344 1905 1205 1071 1064 1925 1089 1752 1687 1599 1533 1217 1768 1313 1672 1295 1198 1254 1837 1683 1609 1419 1071 1922 1537 1220 1951 1811 1933 1097 1439 1621 1592 1041 1201 1329 1331 1508 1920 1162 1950 1527 1819 1618 1462 1356 1106 BCNSPRNW ULIB Ver.6.0+V

เปลี่ยนเป็นภาษาไทย

Change to English
 แสดงรายละเอียดบรรณานุกรม
  กลับหน้าหลัก

Brief Record : Get Marc (ISO 2709) : E-mail record : QR code < ปิดหน้าต่าง
LEADER : 00000nam 2200000uu 4500
001    13399111458
003     ULIB
008    110120s2553||||th 000 0 tha d
020    9786165070089
060 04 WB39^bศ324ค 2553
100 0  ศักดิ์ชัย วงศกิตติรักษ์
245 00 คู่มือหมอใหม่ /^cบรรณาธิการ, ศักดิ์ชัย วงศกิตติรักษ์
250    พิมพ์ครั้งที่ 2
260    กรุงเทพฯ :^bหมอชาวบ้าน,^c2553
300    xvii, 318 หน้า :^bภาพประกอบ ;^c15 ซม.
650  7 แพทย์^vคู่มือ
650  7 การรักษาโรค^vคู่มือ
650  7 อายุรศาสตร์^vคู่มือ
945    ^p160^l0^i030190
945    ^p160^l0^i030189
945    ^p160^l0^i030188
945    ^p160^l0^i030186
945    ^p160^l0^i030185
945    ^p160^l0^i030184
945    ^p160^l0^i030187
995    ทศพร
999 ^a ใช้งานได้ทุกระบบ
รายการนี้ยังไม่มีแท็ก
คุณยังไม่ได้ล็อกอิน คุณสามารถมีกิจกรรมร่วมกับเว็บไซต์ได้ แต่ต้องล็อกอินก่อน ::
  ล็อกอิน

รายการสื่อสารสนเทศ

ลำดับที่ ประเภท เลขเรียก/บาร์โค้ด สถานที่ สถานะ
1. วิทยาศาสตร์การแพทย์ และสุขภาพ
วิทยาศาสตร์การแพทย์ และสุขภาพ
WB39 ศ324ค 2553 ฉ.1 
  Barcode: 030184
ห้องสมุดวิทยาเขตสวรรค์ประชารักษ์
►ส่วนจัดเก็บหนังสือเก่า สปร
บนชั้น
  ขอยืม
2. วิทยาศาสตร์การแพทย์ และสุขภาพ
วิทยาศาสตร์การแพทย์ และสุขภาพ
WB39 ศ324ค 2553 ฉ.2 
  Barcode: 030185
ห้องสมุดวิทยาเขตสวรรค์ประชารักษ์
►ส่วนจัดเก็บหนังสือเก่า สปร
บนชั้น
  ขอยืม
3. วิทยาศาสตร์การแพทย์ และสุขภาพ
วิทยาศาสตร์การแพทย์ และสุขภาพ
WB39 ศ324ค 2553 ฉ.3 
  Barcode: 030186
ห้องสมุดวิทยาเขตสวรรค์ประชารักษ์
►ส่วนจัดเก็บหนังสือเก่า สปร
บนชั้น
  ขอยืม
4. วิทยาศาสตร์การแพทย์ และสุขภาพ
วิทยาศาสตร์การแพทย์ และสุขภาพ
WB39 ศ324ค 2553 ฉ.4 
  Barcode: 030187
ห้องสมุดวิทยาเขตสวรรค์ประชารักษ์
►ส่วนจัดเก็บหนังสือเก่า สปร
บนชั้น
  ขอยืม
5. วิทยาศาสตร์การแพทย์ และสุขภาพ
วิทยาศาสตร์การแพทย์ และสุขภาพ
WB39 ศ324ค 2553 ฉ.5 
  Barcode: 030188
ห้องสมุดวิทยาเขตสวรรค์ประชารักษ์
►ส่วนจัดเก็บหนังสือเก่า สปร
บนชั้น
  ขอยืม
6. วิทยาศาสตร์การแพทย์ และสุขภาพ
วิทยาศาสตร์การแพทย์ และสุขภาพ
WB39 ศ324ค 2553 ฉ.6 
  Barcode: 030189
ห้องสมุดวิทยาเขตสวรรค์ประชารักษ์
►ส่วนจัดเก็บหนังสือเก่า สปร
บนชั้น
  ขอยืม
7. วิทยาศาสตร์การแพทย์ และสุขภาพ
วิทยาศาสตร์การแพทย์ และสุขภาพ
WB39 ศ324ค 2553 ฉ.7 
  Barcode: 030190
ห้องสมุดวิทยาเขตสวรรค์ประชารักษ์
►ส่วนจัดเก็บหนังสือเก่า สปร
บนชั้น
  ขอยืม

รายการใกล้เคียง
    ผู้แต่ง [ศักดิ์ชัย วงศกิตติรักษ์]

BibComment


ยังไม่เคยถูกคอมเมนท์

คอมเมนท์ทรัพยากรรายการนี้
  คอมเมนท์: คู่มือหมอใหม่ บร..


 Copyright 2026. Bcnsprnw @Library